[Event "BL 9394 Erfurt-Empor Berlin"]
[Site "?"]
[Date "1994.??.??"]
[Round "?.4"]
[White "Jasnikowski, Z."]
[Black "Luther, T."]
[Result "0-1"]
[WhiteElo "2475"]
[BlackElo "2515"]
[PlyCount "68"]
[EventDate "1994.??.??"]

1. d4 e6 2. c4 d5 3. Nc3 c6 4. Nf3 dxc4 5. a4 Bb4 6. e3 b5 7. Bd2 a5 8. axb5
Bxc3 9. Bxc3 cxb5 10. b3 Bb7 11. bxc4 b4 12. Bb2 Nf6 13. Bd3 O-O 14. Qc2 Nbd7
15. O-O Qc7 16. e4 e5 17. c5 Rfe8 18. Rfc1 Rac8 19. dxe5 Ng4 20. c6 Bxc6 21.
Ba6 b3 22. Qd2 Rcd8 23. Qf4 Ndxe5 24. Nd4 Nf3+ 25. Qxf3 Qxh2+ 26. Kf1 Qh4 27.
Qg3 Qh1+ 28. Ke2 Rxe4+ 29. Kd3 Qh6 30. Rxc6 Qxc6 31. Rc1 Rexd4+ 32. Bxd4 Qxa6+
33. Kc3 h5 34. f3 Rc8+ 0-1

[Event "BL 9394 Erfurt-Empor Berlin"]
[Site "?"]
[Date "1994.??.??"]
[Round "?.5"]
[White "Volke, K."]
[Black "Schwarz, M."]
[Result "1/2-1/2"]
[WhiteElo "2480"]
[BlackElo "2390"]
[PlyCount "69"]
[EventDate "1994.??.??"]

1. b4 Nf6 2. Bb2 d5 3. e3 Bg4 4. Nf3 e6 5. c4 a5 6. b5 Nbd7 7. cxd5 exd5 8. Be2
Bd6 9. O-O O-O 10. d3 c5 11. bxc6 bxc6 12. h3 Bxf3 13. Bxf3 Re8 14. Qa4 Re6 15.
Rc1 Rc8 16. Nd2 Ne5 17. Bxe5 Bxe5 18. d4 Bc7 19. Rc3 Qd6 20. Nf1 g6 21. Rac1
Qb4 22. Qc2 Qd6 23. Be2 Bd8 24. Bb5 Qe7 25. Nd2 Kg7 26. Bxc6 Rb8 27. a4 Bc7 28.
Bd7 Bh2+ 29. Kxh2 Qxd7 30. Rc5 Qd8 31. Rb5 Rxb5 32. axb5 Qb8+ 33. Kg1 Qxb5 34.
Qa2 a4 35. Qa3 1/2-1/2

[Event "BL 9394 Erfurt-Empor Berlin"]
[Site "?"]
[Date "1994.??.??"]
[Round "?.6"]
[White "Enders, P."]
[Black "Rabiega, R."]
[Result "1-0"]
[WhiteElo "2465"]
[BlackElo "2480"]
[PlyCount "85"]
[EventDate "1994.??.??"]

1. e4 c5 2. Nf3 Nc6 3. d4 cxd4 4. Nxd4 e5 5. Nb5 a6 6. Nd6+ Bxd6 7. Qxd6 Qf6 8.
Qa3 Nge7 9. Nc3 Rb8 10. Be3 b5 11. Nd5 Nxd5 12. exd5 Ne7 13. O-O-O Bb7 14. d6
Nf5 15. Rg1 Rc8 16. Rd2 O-O 17. Bc5 Rfe8 18. Be2 Qh6 19. h3 Nd4 20. Bg4 Ne6 21.
Be3 Qg6 22. Bxe6 Rxe6 23. f3 h6 24. Rgd1 f5 25. Bg1 f4 26. b3 e4 27. fxe4 Rxe4
28. Bb6 Kh7 29. Qa5 Re6 30. Bc7 Bxg2 31. Qxa6 Ra8 32. Qxb5 Bc6 33. Qf1 Rxa2 34.
Kb1 Ra3 35. Kb2 Ra8 36. Qxf4 Re4 37. Qf1 Qh5 38. Bb6 Qe5+ 39. Bd4 Qxd6 40. Bxg7
Qa3+ 41. Kb1 Qe7 42. Bf6 Qe6 43. Rd6 1-0

[Event "BL 9394 Dresden-Zehlendorf"]
[Site "?"]
[Date "1994.??.??"]
[Round "?.1"]
[White "Bagirov, V."]
[Black "Bologan, V."]
[Result "1-0"]
[WhiteElo "2525"]
[BlackElo "2585"]
[PlyCount "60"]
[EventDate "1994.??.??"]

1. Nf3 Nf6 2. c4 g6 3. Nc3 Bg7 4. e4 d6 5. d4 O-O 6. h3 Nbd7 7. Bg5 e5 8. d5 a5
9. Nd2 Nc5 10. Be2 c6 11. b3 Bd7 12. a3 Qb8 13. b4 Na6 14. Qb1 axb4 15. axb4 c5
16. bxc5 Nxc5 17. O-O Ra6 18. Qb2 Qc7 19. Be3 Rfa8 20. g4 Ne8 21. Rfb1 Bf6 22.
Rxa6 bxa6 23. Nb3 Nxb3 24. Qxb3 Qd8 25. Qb7 Be7 26. Ra1 Rb8 27. Qxa6 h5 28. Qa7
hxg4 29. hxg4 Nf6 30. f3 Kh7 1-0

[Event "BL 9394 Dresden-Zehlendorf"]
[Site "?"]
[Date "1994.??.??"]
[Round "?.2"]
[White "Uhlmann, W."]
[Black "Loeffler, S."]
[Result "1/2-1/2"]
[WhiteElo "2475"]
[BlackElo "2440"]
[PlyCount "147"]
[EventDate "1994.??.??"]

1. c4 e6 2. Nc3 d5 3. d4 a6 4. cxd5 exd5 5. Nf3 c6 6. Bf4 Bd6 7. Bg3 Ne7 8. e3
O-O 9. Qb3 Qc7 10. Bxd6 Qxd6 11. Bd3 Nd7 12. O-O Nf6 13. Rac1 Bf5 14. Bxf5 Nxf5
15. Na4 Rab8 16. Nc5 Nd7 17. Nxd7 Qxd7 18. Ne5 Qe7 19. Rc3 Rbc8 20. Rfc1 Rfd8
21. Qb6 Nd6 22. Rb3 c5 23. Rbc3 c4 24. R3c2 f6 25. Nf3 Qc7 26. Qb4 b5 27. Qe1
a5 28. Nd2 b4 29. e4 Re8 30. f3 Qb6 31. Qf2 dxe4 32. Nxc4 Nxc4 33. Rxc4 Rxc4
34. Rxc4 Qe6 35. b3 exf3 36. gxf3 Qf5 37. Rc2 Qg6+ 38. Kh1 h5 39. Re2 Qb1+ 40.
Kg2 Qg6+ 41. Kh1 Rc8 42. Qe3 Rc3 43. Qe8+ Qxe8 44. Rxe8+ Kf7 45. Ra8 Rc1+ 46.
Kg2 Rc2+ 47. Kg3 Rxa2 48. d5 g5 49. h4 Ra3 50. Ra7+ Kg6 51. d6 Rxb3 52. hxg5
fxg5 53. d7 Rd3 54. Ra6+ Kf7 55. Rxa5 Kf6 56. Rb5 h4+ 57. Kg2 Rxd7 58. Rxb4 Ke5
59. Rc4 Kf5 60. Ra4 Rd2+ 61. Kg1 Re2 62. Kf1 Rb2 63. Kg1 h3 64. Rc4 Rg2+ 65.
Kf1 Rg3 66. Kf2 h2 67. Rc5+ Kf4 68. Rc4+ Ke5 69. Rc5+ Kd4 70. Rc1 Rh3 71. Kg2
Rh7 72. Re1 Kd3 73. Kh1 Rh3 74. Re5 1/2-1/2

[Event "BL 9394 Dresden-Zehlendorf"]
[Site "?"]
[Date "1994.??.??"]
[Round "?.4"]
[White "Borriss, M."]
[Black "Cladouras, P."]
[Result "1-0"]
[WhiteElo "2375"]
[BlackElo "2350"]
[PlyCount "75"]
[EventDate "1994.??.??"]

1. e4 e5 2. Nf3 Nc6 3. Bb5 a6 4. Ba4 Nf6 5. O-O Be7 6. Re1 b5 7. Bb3 d6 8. c3
O-O 9. h3 Na5 10. Bc2 c5 11. d4 Qc7 12. Nbd2 cxd4 13. cxd4 Bd7 14. Nf1 Rac8 15.
Re2 Rfe8 16. Ng3 h6 17. Bd3 Nc6 18. Be3 exd4 19. Nxd4 Ne5 20. Rc1 Qb7 21. Rxc8
Bxc8 22. Bb1 d5 23. f4 Nc4 24. e5 Nxe3 25. Rxe3 Bc5 26. Rc3 Nd7 27. Kh2 b4 28.
Qc2 g6 29. Rxc5 Nxc5 30. Qxc5 Qe7 31. Qc2 Bd7 32. Nh5 Rc8 33. Nf6+ Kg7 34. Qd3
Rc1 35. Bc2 Bb5 36. Qe3 Ra1 37. f5 Qd8 38. fxg6 1-0

[Event "BL 9394 Dresden-Zehlendorf"]
[Site "?"]
[Date "1994.??.??"]
[Round "?.6"]
[White "Heinatz, T."]
[Black "Lieb, H."]
[Result "1-0"]
[WhiteElo "2355"]
[BlackElo "2275"]
[PlyCount "87"]
[EventDate "1994.??.??"]

1. e4 e6 2. d4 d5 3. Nc3 Bb4 4. e5 c5 5. a3 Bxc3+ 6. bxc3 Ne7 7. Nf3 Nbc6 8.
Be2 Bd7 9. O-O Qc7 10. Re1 f6 11. Bf4 Ng6 12. Bg3 f5 13. h4 h6 14. c4 Nge7 15.
dxc5 O-O 16. Bf4 Rfd8 17. Qc1 Kh7 18. Rb1 Na5 19. cxd5 Nxd5 20. Bd2 Nc6 21. Bd3
Nde7 22. Rb3 Rf8 23. Qb2 Bc8 24. h5 Qd7 25. Nh4 Kg8 26. Rd1 Qc7 27. Nf3 Qd7 28.
Be2 Qe8 29. Nh4 Qf7 30. Rg3 Kh7 31. Bc3 Nd5 32. Rxd5 exd5 33. e6 Bxe6 34. Rxg7+
Qxg7 35. Bxg7 Rf7 36. Bd4 Re8 37. c3 Bc8 38. Ng6 Re4 39. f3 Re8 40. Kf2 Ne7 41.
Bb5 Nc6 42. Qd2 Bd7 43. Bxc6 Bxc6 44. Qf4 1-0

[Event "BL 9394 Dresden-Zehlendorf"]
[Site "?"]
[Date "1994.??.??"]
[Round "?.8"]
[White "Wegener, D."]
[Black "Klimm, W."]
[Result "1-0"]
[WhiteElo "2295"]
[BlackElo "2250"]
[PlyCount "113"]
[EventDate "1994.??.??"]

1. e4 c6 2. d4 d5 3. Nd2 dxe4 4. Nxe4 Nd7 5. Ng5 Ngf6 6. Bd3 e6 7. N1f3 Bd6 8.
Qe2 h6 9. Ne4 Nxe4 10. Qxe4 Qc7 11. Bd2 b6 12. O-O Bb7 13. Rfe1 O-O-O 14. Qe2
Kb8 15. a4 c5 16. a5 Rhe8 17. axb6 axb6 18. Be4 g5 19. Bc3 f5 20. Bxb7 Qxb7 21.
dxc5 Nxc5 22. Be5 Ne4 23. Qb5 g4 24. Nd4 Kc7 25. Ra4 Nc5 26. Bxd6+ Kxd6 27. Ra3
Kc7 28. b4 Ne4 29. Qe5+ Kc8 30. Nb5 Rd5 31. Ra8+ Kd7 32. Qg7+ Re7 33. Qf8 Rxb5
34. Qd8+ Kc6 35. Rc8+ Rc7 36. Qe8+ Kd6 37. Rxc7 Qxc7 38. Qxb5 Ke7 39. Qd3 Qf4
40. Qd4 Kf7 41. Ra1 Qc7 42. c4 Nf6 43. c5 bxc5 44. Qxc5 Qxc5 45. bxc5 Ke7 46.
Ra7+ Kd8 47. c6 h5 48. Kf1 Nd5 49. Rd7+ Ke8 50. Rh7 Kd8 51. Ke2 h4 52. Kd2 Kc8
53. Rh6 Nf4 54. g3 hxg3 55. fxg3 Nh3 56. Rxe6 Ng5 57. Rh6 1-0

[Event "BL 9394 Empor Berlin-Dresden"]
[Site "?"]
[Date "1994.??.??"]
[Round "?.1"]
[White "Bologan, V."]
[Black "Kramnik, V."]
[Result "1/2-1/2"]
[WhiteElo "2585"]
[BlackElo "2710"]
[PlyCount "121"]
[EventDate "1994.??.??"]

1. e4 c5 2. Nf3 Nc6 3. d4 cxd4 4. Nxd4 Nf6 5. Nc3 d6 6. Bg5 e6 7. Qd2 Be7 8.
O-O-O O-O 9. f4 Nxd4 10. Qxd4 Qa5 11. Kb1 Rd8 12. h4 Bd7 13. Qd2 Bc6 14. Bd3
Qc7 15. Qe2 a6 16. Rhf1 b5 17. e5 Nd5 18. Nxd5 Bxd5 19. Qg4 dxe5 20. fxe5 Bxg5
21. hxg5 Bc4 22. Qe4 Bxd3 23. cxd3 Rd5 24. Rh1 g6 25. d4 Qd8 26. Qf4 Qf8 27.
Rh4 Rad8 28. Qh2 h5 29. gxh6 Kh7 30. Qf4 R8d7 31. Qf3 f5 32. exf6 Rf5 33. Qc6
Qd6 34. Qxd6 Rxd6 35. Rc1 Rd7 36. Rc6 Rxf6 37. Rxa6 Rf1+ 38. Kc2 Rf2+ 39. Kb3
Re2 40. Rh3 g5 41. g4 Re4 42. Rb6 Rexd4 43. Rxb5 Rxg4 44. a4 Rg1 45. a5 g4 46.
Re3 Rh1 47. a6 Rh3 48. Rxh3 gxh3 49. Rh5 Ra7 50. Rxh3 Rxa6 51. Kc4 Rc6+ 52. Kb5
Rc8 53. b4 e5 54. Kb6 e4 55. b5 Re8 56. Ka7 e3 57. Rh1 e2 58. Re1 Kxh6 59. b6
Kg5 60. b7 Kg4 61. Rxe2 1/2-1/2

[Event "BL 9394 Empor Berlin-Dresden"]
[Site "?"]
[Date "1994.??.??"]
[Round "?.3"]
[White "Lanka, Z."]
[Black "Muse, M."]
[Result "1-0"]
[WhiteElo "2535"]
[BlackElo "2455"]
[PlyCount "89"]
[EventDate "1994.??.??"]

1. e4 c5 2. Nf3 Nc6 3. d4 cxd4 4. Nxd4 Nf6 5. Nc3 e6 6. Ndb5 d6 7. Bf4 e5 8.
Bg5 a6 9. Na3 b5 10. Nd5 Be7 11. Bxf6 Bxf6 12. c3 Ne7 13. Nxf6+ gxf6 14. Be2
Bb7 15. Bf3 f5 16. exf5 d5 17. g3 Nxf5 18. Nc2 O-O 19. O-O a5 20. Bg2 Qd6 21.
Re1 Bc6 22. Qh5 Qf6 23. g4 Nh4 24. Qxe5 Qg6 25. Nd4 Nxg2 26. Kxg2 Bd7 27. h3
Rad8 28. a3 Rfe8 29. Qc7 Be6 30. Re3 b4 31. axb4 axb4 32. Rae1 Rc8 33. Qf4 bxc3
34. bxc3 Rf8 35. Re5 h6 36. R1e3 Kh7 37. Qg3 Rfe8 38. Kh2 Ra8 39. Qh4 Ra1 40.
Rh5 Kg7 41. Rf5 Ra6 42. Ree5 Rc8 43. Rf3 Bd7 44. Rxd5 Rd6 45. Nf5+ 1-0

[Event "BL 9394 Empor Berlin-Dresden"]
[Site "?"]
[Date "1994.??.??"]
[Round "?.4"]
[White "Luther, T."]
[Black "Borriss, M."]
[Result "1-0"]
[WhiteElo "2515"]
[BlackElo "2375"]
[PlyCount "83"]
[EventDate "1994.??.??"]

1. e4 c5 2. Nf3 d6 3. d4 cxd4 4. Nxd4 Nf6 5. Nc3 Nc6 6. Bg5 e6 7. Qd2 a6 8.
O-O-O h6 9. Be3 Qc7 10. f4 Bd7 11. Bd3 b5 12. Rhe1 Na5 13. a3 Rc8 14. Kb1 e5
15. fxe5 dxe5 16. Nd5 Nxd5 17. exd5 Bd6 18. Qf2 Nc4 19. Bc1 Bc5 20. Bxc4 O-O
21. Qg3 exd4 22. Bf4 Qb6 23. Bd3 Qf6 24. h4 h5 25. Be5 Qh6 26. Bf4 Qf6 27. Bg5
Qd6 28. Qxd6 Bxd6 29. Be7 Bxe7 30. Rxe7 Rcd8 31. Be2 Bg4 32. Rxd4 Bxe2 33. Rxe2
Rd6 34. b3 Rc8 35. c4 Rc5 36. Kb2 a5 37. Kc3 Kf8 38. b4 axb4+ 39. axb4 Rxc4+
40. Rxc4 bxc4 41. Kxc4 Rg6 42. Kc5 1-0

[Event "BL 9394 Empor Berlin-Dresden"]
[Site "?"]
[Date "1994.??.??"]
[Round "?.5"]
[White "Goldberg, A."]
[Black "Volke, K."]
[Result "1/2-1/2"]
[WhiteElo "2405"]
[BlackElo "2480"]
[PlyCount "107"]
[EventDate "1994.??.??"]

1. e4 c5 2. Nf3 e6 3. d4 cxd4 4. Nxd4 Nf6 5. Nc3 d6 6. Be2 Be7 7. O-O O-O 8.
Be3 Nc6 9. f4 e5 10. Nf3 Ng4 11. Bc1 exf4 12. Bxf4 Be6 13. Kh1 Rc8 14. Nd5 Nge5
15. c3 Nxf3 16. Nxe7+ Qxe7 17. Bxd6 Qh4 18. Bxf3 Rfd8 19. Bg3 Rxd1 20. Bxh4
Rxf1+ 21. Rxf1 Bxa2 22. Rd1 Be6 23. e5 h6 24. Bxc6 Rxc6 25. Be7 Kh7 26. h3 Rc4
27. Rd4 Rxd4 28. cxd4 Kg6 29. Bc5 b6 30. Bf8 h5 31. Kh2 a5 32. Kg3 Bd5 33. Kf2
b5 34. g3 Kf5 35. Ke3 g6 36. Be7 Bg2 37. h4 Ke6 38. Bd8 a4 39. Ba5 Bf1 40. Kd2
Kf5 41. Ke3 Bc4 42. Bb4 Ke6 43. Ke4 Ba2 44. Kd3 Kf5 45. Bd6 Kg4 46. Ke4 Bb1+
47. Ke3 Kf5 48. d5 b4 49. Kd4 b3 50. Bb4 Kg4 51. e6 fxe6 52. d6 e5+ 53. Kxe5
Bf5 54. Kf6 1/2-1/2

[Event "BL 9394 Empor Berlin-Dresden"]
[Site "?"]
[Date "1994.??.??"]
[Round "?.6"]
[White "Rabiega, R."]
[Black "Heinatz, T."]
[Result "1/2-1/2"]
[WhiteElo "2480"]
[BlackElo "2355"]
[PlyCount "109"]
[EventDate "1994.??.??"]

1. e4 d6 2. d4 Nf6 3. Bd3 Nc6 4. c3 e5 5. Nf3 Bg4 6. d5 Ne7 7. O-O c6 8. h3 Bd7
9. c4 Ng6 10. Nc3 Be7 11. Be3 O-O 12. b4 Nf4 13. Bxf4 exf4 14. Rb1 cxd5 15.
exd5 a5 16. Qd2 axb4 17. Rxb4 Bc8 18. Qxf4 Nd7 19. Bb1 Nc5 20. Ne4 Nxe4 21.
Qxe4 g6 22. Qf4 Bf6 23. h4 h5 24. Qh6 Bg7 25. Qe3 Re8 26. Qd2 Bf6 27. Ng5 Qa5
28. Ne4 Be5 29. Re1 Re7 30. Rb5 Qxd2 31. Nxd2 Rc7 32. c5 Bd7 33. cxd6 Bxd6 34.
Rb3 f5 35. Rb6 Ra6 36. Rxa6 bxa6 37. Bd3 Bb4 38. Re2 Rc1+ 39. Nf1 a5 40. Rc2
Rd1 41. Be2 Re1 42. f4 Ba4 43. Rc8+ Kg7 44. Kf2 Ra1 45. Bc4 Be1+ 46. Ke2 Bxh4
47. Rc7+ Kf8 48. g3 Be7 49. Rc8+ Kg7 50. Ne3 Rg1 51. Kf3 Rc1 52. Ra8 Bb4 53.
Ra7+ Kf8 54. Ra8+ Kg7 55. Ra7+ 1/2-1/2

[Event "BL 9394 Empor Berlin-Dresden"]
[Site "?"]
[Date "1994.??.??"]
[Round "?.7"]
[White "Andresen, S."]
[Black "Poldauf, D."]
[Result "1-0"]
[WhiteElo "2370"]
[BlackElo "2425"]
[PlyCount "89"]
[EventDate "1994.??.??"]

1. c4 Nf6 2. Nc3 g6 3. e4 d6 4. d4 Bg7 5. f3 O-O 6. Be3 e5 7. d5 Nh5 8. Qd2 f5
9. O-O-O Nd7 10. Bd3 a6 11. Kb1 Nc5 12. Bc2 b5 13. b4 Nd7 14. cxb5 axb5 15.
Nxb5 Ndf6 16. exf5 gxf5 17. Ne2 Bd7 18. Nec3 Qb8 19. a4 f4 20. Bf2 e4 21. Bd4
e3 22. Qd3 Be8 23. Qc4 Rf7 24. g4 fxg3 25. hxg3 Nxg3 26. Rh3 Ngh5 27. Bxe3 Re7
28. Bf2 Qc8 29. Rdh1 Bg6 30. Nd4 Nf4 31. Bxg6 hxg6 32. Rh4 g5 33. Rxf4 gxf4 34.
Ne6 Qe8 35. Rg1 Qh5 36. Bd4 Qh7+ 37. Kc1 Nh5 38. Ne4 Ng3 39. Nxg7 Qh2 40. Nf5
Kf7 41. Nxe7 Ne2+ 42. Kb1 Nxg1 43. Qxc7 Nxf3 44. Ng8+ Kg6 45. Qg7+ 1-0

[Event "BL 9394 Empor Berlin-Dresden"]
[Site "?"]
[Date "1994.??.??"]
[Round "?.8"]
[White "Stern, R."]
[Black "Wegener, D."]
[Result "1/2-1/2"]
[WhiteElo "2385"]
[BlackElo "2295"]
[PlyCount "100"]
[EventDate "1994.??.??"]

1. e4 c5 2. Nc3 Nc6 3. g3 g6 4. Bg2 Bg7 5. Nge2 e6 6. O-O Nge7 7. d3 O-O 8. Be3
Nd4 9. Qd2 d6 10. Rae1 Rb8 11. a3 Bd7 12. f4 f5 13. Nc1 Qc7 14. Nd1 b5 15. c3
Ndc6 16. Ne2 a5 17. e5 dxe5 18. Bxc5 Rfe8 19. b4 Kh8 20. Ne3 axb4 21. axb4 exf4
22. Nxf4 e5 23. Nfd5 Nxd5 24. Nxd5 Qd8 25. Bf3 Be6 26. Qg2 Bxd5 27. Bxd5 Ne7
28. Bf7 Rf8 29. Bb3 Bf6 30. Qe2 Qc7 31. d4 e4 32. Ra1 Rfd8 33. Ra6 Bg7 34. Ra7
Rb7 35. Rfa1 Nc8 36. Rxb7 Qxb7 37. Ra5 Nd6 38. Ra7 Qb8 39. Qe3 Nb7 40. Qg5 Re8
41. Bf7 Nxc5 42. Bxe8 Qxa7 43. dxc5 Qa1+ 44. Kg2 Qxc3 45. Bxb5 Bf6 46. Qh6 Kg8
47. c6 Qf3+ 48. Kh3 Qg4+ 49. Kg2 Qf3+ 50. Kh3 Qg4+ 1/2-1/2

[Event "BL 9394 Zehlendorf-Erfurt"]
[Site "?"]
[Date "1994.??.??"]
[Round "?.1"]
[White "Kuczynski, R."]
[Black "Bagirov, V."]
[Result "1/2-1/2"]
[WhiteElo "2510"]
[BlackElo "2525"]
[PlyCount "32"]
[EventDate "1994.??.??"]

1. e4 Nf6 2. e5 Nd5 3. g3 d6 4. exd6 exd6 5. Bg2 Nf6 6. d4 d5 7. Nf3 Be7 8. O-O
Bf5 9. Nh4 Be6 10. f4 O-O 11. f5 Bc8 12. Nc3 c5 13. dxc5 Bxc5+ 14. Kh1 d4 15.
Na4 Be7 16. c3 dxc3 1/2-1/2

[Event "BL 9394 Zehlendorf-Erfurt"]
[Site "?"]
[Date "1994.??.??"]
[Round "?.2"]
[White "Loeffler, S."]
[Black "Casper, T."]
[Result "1-0"]
[WhiteElo "2440"]
[BlackElo "2440"]
[PlyCount "95"]
[EventDate "1994.??.??"]

1. Nf3 Nf6 2. c4 d6 3. g3 e5 4. Bg2 c6 5. Nc3 Nbd7 6. O-O Be7 7. b4 O-O 8. b5
cxb5 9. Nxb5 d5 10. cxd5 Nxd5 11. Bb2 a6 12. Nc3 Nxc3 13. Bxc3 e4 14. Nd4 Bf6
15. Qc2 Nc5 16. Nc6 bxc6 17. Bxf6 Qxf6 18. Qxc5 Bf5 19. Rac1 Rfd8 20. Rc2 h5
21. f3 exf3 22. Rxf3 Rd5 23. Qxc6 Qxc6 24. Rxc6 Be4 25. Rc4 Bxf3 26. Bxf3 Rad8
27. Bxd5 Rxd5 28. d3 Rb5 29. Kf2 g6 30. a4 Rf5+ 31. Ke3 Kf8 32. d4 Ke7 33. Rc5
Rf6 34. Rc7+ Ke8 35. Ra7 Rb6 36. a5 Rc6 37. Kd3 Rf6 38. d5 Rf5 39. Kd4 Rf2 40.
Kc5 Rxe2 41. Kd6 Kf8 42. Rxa6 Rxh2 43. Kc7 g5 44. d6 Rc2+ 45. Rc6 Rd2 46. Rc4
h4 47. gxh4 gxh4 48. d7 1-0

[Event "BL 9394 Zehlendorf-Erfurt"]
[Site "?"]
[Date "1994.??.??"]
[Round "?.3"]
[White "Maiwald, JU."]
[Black "Zhuravliov, V."]
[Result "1-0"]
[WhiteElo "2490"]
[BlackElo "2455"]
[PlyCount "129"]
[EventDate "1994.??.??"]

1. Nf3 d5 2. d4 Nf6 3. c4 e6 4. Nc3 c5 5. cxd5 Nxd5 6. e3 Nc6 7. Bd3 Be7 8. O-O
cxd4 9. exd4 O-O 10. a3 Nf6 11. Bc2 b6 12. Qd3 Bb7 13. Bg5 g6 14. Bh6 Re8 15.
Rfe1 Rc8 16. Rad1 Nd5 17. Ba4 Nxc3 18. bxc3 Bxa3 19. c4 Bf8 20. Qe3 Qe7 21. d5
exd5 22. cxd5 Qxe3 23. Bxe3 Ne5 24. Bxe8 Nxf3+ 25. gxf3 Rxe8 26. d6 Rd8 27. Bf4
f6 28. d7 Bc6 29. Rc1 Bc5 30. Be3 Rxd7 31. Bxc5 bxc5 32. Re6 Bxf3 33. Rxf6 Bb7
34. Rf4 Rd5 35. h4 Rh5 36. Re1 Bd5 37. Re7 c4 38. Rxa7 Re5 39. Kf1 Re8 40. Rd4
Be6 41. Rc7 h6 42. Kg2 g5 43. Kg3 Kf8 44. f4 gxh4+ 45. Kxh4 Re7 46. Rc6 Kg7 47.
Re4 Kf7 48. Re5 Kf6 49. Kg3 Re8 50. Kf3 Kf7 51. Ke4 h5 52. f5 Bd7 53. Rxc4 Ra8
54. Rd5 Ra7 55. Ke5 Ba4 56. Rdc5 Re7+ 57. Kf4 Bd7 58. Re5 h4 59. Rxe7+ Kxe7 60.
Ke5 h3 61. Rh4 Bb5 62. Rxh3 Bc4 63. Rh7+ Ke8 64. Kf6 Bd3 65. Re7+ 1-0

[Event "BL 9394 Zehlendorf-Erfurt"]
[Site "?"]
[Date "1994.??.??"]
[Round "?.4"]
[White "Cladouras, P."]
[Black "Jasnikowski, Z."]
[Result "1/2-1/2"]
[WhiteElo "2350"]
[BlackElo "2475"]
[PlyCount "56"]
[EventDate "1994.??.??"]

1. d4 Nf6 2. Nf3 g6 3. g3 Bg7 4. Bg2 O-O 5. O-O d5 6. Nbd2 c6 7. b3 a5 8. a4
Ne4 9. Bb2 Bf5 10. Ne5 Nxd2 11. Qxd2 Nd7 12. Nd3 Re8 13. f3 Bxd3 14. Qxd3 e5
15. e3 Qe7 16. Rad1 e4 17. fxe4 Nc5 18. dxc5 dxe4 19. Qc4 Bxb2 20. Bh3 Rad8 21.
Rxd8 Qxd8 22. Rxf7 Kh8 23. Rxb7 Qg5 24. Bf1 Qxe3+ 25. Kg2 Qf3+ 26. Kh3 Qh5+ 27.
Kg2 Qf3+ 28. Kh3 Qh5+ 1/2-1/2

[Event "BL 9394 Zehlendorf-Erfurt"]
[Site "?"]
[Date "1994.??.??"]
[Round "?.5"]
[White "Schwarz, M."]
[Black "Heinig, W."]
[Result "0-1"]
[WhiteElo "2390"]
[BlackElo "2320"]
[PlyCount "132"]
[EventDate "1994.??.??"]

1. d4 Nf6 2. Nf3 g6 3. Bg5 Bg7 4. Nbd2 c5 5. Bxf6 Bxf6 6. Ne4 Bxd4 7. Nxd4 cxd4
8. Qxd4 O-O 9. h4 Nc6 10. Qd2 d5 11. Ng3 e5 12. h5 Be6 13. O-O-O Qf6 14. e4 d4
15. Kb1 a5 16. a3 Rfb8 17. Qh6 Qxf2 18. Ne2 Qe3 19. Qxe3 dxe3 20. hxg6 hxg6 21.
Nc3 Nd4 22. Re1 b5 23. Rxe3 b4 24. Nd5 Ra7 25. Bc4 Kg7 26. a4 Rc8 27. b3 Rh8
28. Rxh8 Kxh8 29. Nb6 Bg4 30. Kb2 Kg7 31. c3 bxc3+ 32. Rxc3 Rb7 33. Nd5 Rb8 34.
Ne3 Bd7 35. Ka3 Bc6 36. Bd5 Bxd5 37. exd5 e4 38. Nc4 Rd8 39. Ne3 Kf6 40. b4
axb4+ 41. Kxb4 Ke5 42. a5 f5 43. a6 f4 44. Nc2 Nxc2+ 45. Rxc2 e3 46. Kc4 Ke4
47. a7 Rc8+ 48. Kb4 Ra8 49. Ra2 Kd3 50. Ra3+ Kd4 51. Ra2 g5 52. d6 g4 53. d7 f3
54. gxf3 gxf3 55. Rc2 e2 56. Rd2+ Ke3 57. d8=Q Rxd8 58. Rxd8 e1=Q+ 59. Kb5 Qb1+
60. Kc6 Qc2+ 61. Kb7 Qe4+ 62. Kc7 Qe7+ 63. Rd7 Qc5+ 64. Kb8 Qb6+ 65. Ka8 Qc6+
66. Rb7 f2 0-1

[Event "BL 9394 Zehlendorf-Erfurt"]
[Site "?"]
[Date "1994.??.??"]
[Round "?.7"]
[White "Mueller, Mat"]
[Black "Klimm, W."]
[Result "1/2-1/2"]
[WhiteElo "2350"]
[BlackElo "2250"]
[PlyCount "67"]
[EventDate "1994.??.??"]

1. e4 c6 2. d4 d5 3. Nc3 dxe4 4. Nxe4 Nd7 5. Bc4 Ngf6 6. Ng5 e6 7. Qe2 Nb6 8.
Bd3 h6 9. N5f3 c5 10. dxc5 Bxc5 11. Ne5 Nbd7 12. Ngf3 Qc7 13. O-O O-O 14. Bf4
Bd6 15. Nxd7 Bxd7 16. Bxd6 Qxd6 17. Rad1 Qb6 18. c4 Rfd8 19. Ne5 Be8 20. Rd2
Kf8 21. Rfd1 a5 22. h3 Qc5 23. Bc2 Rxd2 24. Rxd2 Rc8 25. b3 b6 26. Ng4 Nxg4 27.
hxg4 Bc6 28. Qd3 Qe5 29. Rd1 g6 30. Qd2 Kg7 31. Re1 Qg5 32. Qd4+ Kh7 33. Bd1
Qc5 34. Qf6 1/2-1/2

[Event "BL 9394 Zehlendorf-Erfurt"]
[Site "?"]
[Date "1994.??.??"]
[Round "?.8"]
[White "Kauschmann, H."]
[Black "Troyke, C."]
[Result "0-1"]
[WhiteElo "2180"]
[BlackElo "2375"]
[PlyCount "146"]
[EventDate "1994.??.??"]

1. e4 c5 2. Nf3 Nc6 3. c3 d6 4. d4 Nf6 5. Be2 g6 6. O-O cxd4 7. cxd4 Bg7 8. Nc3
O-O 9. h3 e5 10. d5 Ne7 11. a4 Ne8 12. Nd2 f5 13. g4 Bh6 14. f3 Kh8 15. Nc4 Ng8
16. Kg2 Bxc1 17. Rxc1 f4 18. Qe1 Bd7 19. Qf2 Ne7 20. b4 g5 21. a5 Ng6 22. Na3
Nh4+ 23. Kh2 h5 24. Bb5 hxg4 25. hxg4 Rf7 26. Rh1 Rh7 27. Kg1 Bxb5 28. Naxb5 a6
29. Na3 Rc8 30. Rc2 Kg8 31. Kf1 Rhc7 32. Nab1 Rc4 33. Ke2 Rxb4 34. Rhc1 Qxa5
35. Kf1 Rbc4 36. Qe2 b5 37. Qd3 Qb6 38. Nd2 R4c7 39. Ne2 Qe3 40. Rxc7 Rxc7 41.
Rc3 Rxc3 42. Qxc3 Qxc3 43. Nxc3 Nc7 44. Kf2 Kf7 45. Nb3 Ke7 46. Na5 Kd7 47. Nc6
Ng6 48. Ke2 Ne7 49. Na5 Ne8 50. Nd1 Kc7 51. Nf2 Kb6 52. Nb3 Nf6 53. Kd2 Ng6 54.
Kc3 a5 55. Nd2 Nf8 56. Nh3 N6h7 57. Nf2 Nd7 58. Nh3 Nc5 59. Nf2 b4+ 60. Kc4 Nf6
61. Nh3 Nfd7 62. Nb3 Nxb3 63. Kxb3 Kb5 64. Nxg5 a4+ 65. Kc2 Kc4 66. Nf7 b3+ 67.
Kc1 Kc3 68. Nxd6 b2+ 69. Kb1 a3 70. Nb5+ Kb3 71. Nxa3 Kxa3 72. g5 Kb3 73. d6
Nb6 0-1

[Event "BL 9394 Koblenz-HSK"]
[Site "?"]
[Date "1994.??.??"]
[Round "?.3"]
[White "Mueller, Ka"]
[Black "Seul, G."]
[Result "0-1"]
[WhiteElo "2480"]
[BlackElo "2425"]
[PlyCount "54"]
[EventDate "1994.??.??"]

1. e4 Nf6 2. Nc3 d5 3. exd5 Nxd5 4. Bc4 Nb6 5. Bb3 c5 6. Qh5 c4 7. Bxc4 Nxc4 8.
Qb5+ Nc6 9. Qxc4 e5 10. Nf3 Bd6 11. d4 O-O 12. Be3 Bf5 13. O-O-O e4 14. Ng5 Rc8
15. Qd5 Ne7 16. Qb3 b5 17. Qxb5 Rxc3 18. bxc3 h6 19. g4 Bd7 20. Nxf7 Rxf7 21.
Qb3 Qa5 22. Rhg1 Ba4 23. Qb2 Rf8 24. Kd2 Rb8 25. Qa1 Nd5 26. Rb1 Rc8 27. Rb3
Nxc3 0-1

[Event "BL 9394 Koblenz-HSK"]
[Site "?"]
[Date "1994.??.??"]
[Round "?.4"]
[White "Reschke, S."]
[Black "Michaelsen, N."]
[Result "1/2-1/2"]
[WhiteElo "2390"]
[BlackElo "2430"]
[PlyCount "53"]
[EventDate "1994.??.??"]

1. c4 Nf6 2. Nf3 c5 3. g3 b6 4. Bg2 Bb7 5. O-O e6 6. b3 d6 7. Bb2 Be7 8. e3 O-O
9. Qe2 a6 10. Nc3 Re8 11. Rfd1 Nbd7 12. Ne1 Bxg2 13. Nxg2 Bf8 14. d4 cxd4 15.
Rxd4 Qc7 16. g4 g6 17. g5 Nh5 18. Rad1 f5 19. gxf6 Ndxf6 20. Qd2 Rac8 21. Nf4
Qc5 22. Nxh5 Qxh5 23. Qe2 Qh3 24. Qf1 Qh5 25. Qe2 Qh3 26. Qf1 Qh5 27. Qe2
1/2-1/2

[Event "BL 9394 Koblenz-HSK"]
[Site "?"]
[Date "1994.??.??"]
[Round "?.5"]
[White "Wegner, H."]
[Black "Fritsche, L."]
[Result "1/2-1/2"]
[WhiteElo "2385"]
[BlackElo "2375"]
[PlyCount "23"]
[EventDate "1994.??.??"]

1. d4 Nf6 2. c4 e5 3. dxe5 Ng4 4. Bf4 Nc6 5. Nf3 Bb4+ 6. Nbd2 Qe7 7. e3 Ngxe5
8. Nxe5 Nxe5 9. Be2 a5 10. O-O d6 11. a3 Bc5 12. b3 1/2-1/2

[Event "BL 9394 Koblenz-HSK"]
[Site "?"]
[Date "1994.??.??"]
[Round "?.6"]
[White "Doncevic, D."]
[Black "Mowsziszian, K."]
[Result "0-1"]
[WhiteElo "2370"]
[BlackElo "2490"]
[PlyCount "52"]
[EventDate "1994.??.??"]

1. e4 c5 2. c3 g6 3. d4 cxd4 4. cxd4 d5 5. exd5 Nf6 6. Nc3 Nxd5 7. Bc4 Nb6 8.
Bb3 Bg7 9. Nf3 O-O 10. O-O Nc6 11. Re1 Bg4 12. Bg5 Bxd4 13. Nxd4 Bxd1 14. Nxc6
bxc6 15. Raxd1 Qc8 16. Rxe7 c5 17. Ne4 c4 18. Bc2 Qc6 19. Rd6 Qb5 20. h4 Nc8
21. Nf6+ Kg7 22. Rd5 Qxb2 23. Ne8+ Rxe8 24. Rxe8 Nb6 25. Rxa8 Nxd5 26. Be4 Qa1+
0-1